[Event "Sarajevo Bosna op 49th"]
[Site "Sarajevo"]
[Date "2019.04.28"]
[Round "3"]
[White "Burovic, Rijad"]
[Black "Sadikhov, Ulvi Ramil Oglu"]
[Result "0-1"]
[WhiteElo "2393"]
[BlackElo "2479"]
[PlyCount "154"]
[EventDate "2019.04.27"]
[EventType "swiss"]
[EventRounds "9"]
[EventCountry "BIH"]
[SourceTitle "CBM 190 Extra"]
[Source "ChessBase"]
[SourceDate "2019.07.15"]
[SourceVersion "1"]
[SourceVersionDate "2019.07.15"]
[SourceQuality "1"]

1. e4 Nc6 2. d4 d5 3. exd5 Qxd5 4. Nf3 Bg4 5. Be2 0-0-0 6. Be3 Qh5 7. Nbd2 Nf6 8. c4 e5 9. d5 Nd4 10. Nxd4 exd4 11. Bxd4 Bxe2 12. Qxe2 Re8 13. Be3 Qg6 14. Qf3 Ng4 15. 0-0-0 Ne5 16. Qg3 Qf5 17. Qh3 Qxh3 18. gxh3 Bb4 19. b3 a6 20. Kc2 Kd7 21. Rde1 Bxd2 22. Bxd2 Nf3 23. Re3 Nd4+ 24. Kd3 Nf5 25. Rxe8 Rxe8 26. Re1 Rxe1 27. Bxe1 c5 28. Ba5 Kd6 29. Ke4 Ne7 30. Bc3 f6 31. h4 h5 32. Bd2 Ng6 33. Bf4+ Kd7 34. Bg3 Ne7 35. f3 g6 36. Bf2 Kd6 37. Bg3+ Kd7 38. Bf2 Kd6 39. a3 a5 40. Bg3+ Kd7 41. Be1 b6 42. Bc3 Ng8 43. f4 Nh6 44. Bxf6 Nf5 45. Kd3 Nd6 46. Bc3 Nf5 47. Be1 Kd6 48. Bf2 Ne7 49. b4 a4 50. bxc5+ bxc5 51. Ke4 Nf5 52. Kf3 Ne7 53. Ke4 Nf5 54. Bg3 Ke7 55. Be1 Nd6+ 56. Kd3 Nf5 57. Bf2 Kd6 58. Ke4 Ne7 59. f5 gxf5+ 60. Kf4 Nc8 61. Kxf5 Nb6 62. Bg3+ Kd7 63. Bf2 Kd6 64. Bg3+ Kd7 65. Kg6 Nxc4 66. Kxh5 Nxa3 67. Be5 Nb5 68. Ba1 c4 69. Kg6 c3 70. Bxc3 Nxc3 71. h5 Nxd5 72. h6 Nf6 73. Kxf6 a3 74. h7 a2 75. Kf7 a1Q 76. Kg8 Qa8+ 77. Kg7 Qg2+ 0-1

[Event "Sarajevo Bosna op 49th"]
[Site "Sarajevo"]
[Date "2019.04.28"]
[Round "2"]
[White "Marn, Jan"]
[Black "Burovic, Rijad"]
[Result "0-1"]
[WhiteElo "2150"]
[BlackElo "2393"]
[PlyCount "52"]
[EventDate "2019.04.27"]
[EventType "swiss"]
[EventRounds "9"]
[EventCountry "BIH"]
[SourceTitle "CBM 190 Extra"]
[Source "ChessBase"]
[SourceDate "2019.07.15"]
[SourceVersion "1"]
[SourceVersionDate "2019.07.15"]
[SourceQuality "1"]

1. d4 d6 2. c4 e5 3. Nf3 e4 4. Nfd2 f5 5. Nc3 Nf6 6. e3 c6 7. b4 d5 8. Qb3 Be7 9. Be2 0-0 10. 0-0 Kh8 11. b5 cxb5 12. cxb5 Be6 13. a4 Nbd7 14. a5 Rc8 15. Ba3 Bxa3 16. Qxa3 f4 17. exf4 Qc7 18. Rac1 Qxf4 19. Nb3 Bg4 20. h3 Rxc3 21. Bxg4 Nxg4 22. hxg4 Rf3 23. Qe7 Rxf2 24. Rxf2 Qxf2+ 25. Kh1 Rf7 26. Qe6 Rf6 0-1

[Event "Wch U18"]
[Site "Porto Carras"]
[Date "2018.10.26"]
[Round "7"]
[White "Burovic, Rijad"]
[Black "Tifferet, Shaked"]
[Result "1-0"]
[WhiteElo "2380"]
[BlackElo "2254"]
[PlyCount "121"]
[EventDate "2018.10.20"]
[EventType "swiss"]
[EventRounds "11"]
[EventCountry "GRE"]
[SourceTitle "CBM 187 Extra"]
[Source "ChessBase"]
[SourceDate "2018.11.04"]
[SourceVersion "1"]
[SourceVersionDate "2018.11.04"]
[SourceQuality "1"]

1. e4 e5 2. Nf3 Nc6 3. d4 exd4 4. Nxd4 Nf6 5. Nxc6 bxc6 6. e5 Qe7 7. Qe2 Nd5 8. Nd2 g6 9. c4 Nb6 10. Ne4 Bg7 11. Bg5 Qb4+ 12. Qd2 Qxd2+ 13. Kxd2 Bxe5 14. Nf6+ Bxf6 15. Re1+ Kf8 16. Bxf6 Rg8 17. Re7 d5 18. Rxc7 dxc4 19. Rxc6 Be6 20. Be2 Bd5 21. Rd6 Bxg2 22. Rg1 Bd5 23. Rg4 c3+ 24. bxc3 g5 25. Rd4 Rg6 26. Bf3 Nc4+ 27. Rxc4 Bxf3 28. Rcd4 Re8 29. c4 Rh6 30. Be7+ Kg7 31. Rxh6 Kxh6 32. Rd7 a6 33. Ke3 Bg4 34. Rb7 Be6 35. Kd4 Rc8 36. c5 Bxa2 37. Rb6+ Be6 38. c6 Kg6 39. Rxa6 f6 40. Bd6 g4 41. c7 Kf7 42. Kc5 Re8 43. Bg3 Ke7 44. Rd6 Bd7 45. Kb6 Bf5 46. Rd4 Rg8 47. Bd6+ Kf7 48. Bc5 Rg6 49. Rd8 Rh6 50. Bd6 Rh3 51. c8Q Rb3+ 52. Kc6 Rc3+ 53. Bc5 Bxc8 54. Rxc8 Rh3 55. Kd7 Rxh2 56. Rf8+ Kg7 57. Ke6 Rg2 58. Rf7+ Kg6 59. Rxf6+ Kh5 60. Be3 g3 61. f3 1-0